The Bolter - Taylor Swift (All Lyrics) - Statistics

General Stats
  • This quiz has been taken 11 times
  • The average score is 348 of 409
Answer Stats
Lyrics % Correct
a
100%
all
100%
All
100%
And
100%
and
100%
be
100%
bolt.
100%
Bolter"
100%
But
100%
but
100%
But,
100%
By
100%
by
100%
can
100%
child
100%
ever
100%
fell
100%
felt
100%
he
100%
He
100%
her
100%
him
100%
I
100%
ice...
100%
in
100%
it
100%
It
100%
like
100%
men
100%
nicknamed
100%
of
100%
she
100%
She
100%
"The
100%
the
100%
Then
100%
then
100%
through
100%
time
100%
was
100%
way
100%
What
100%
when
100%
When
100%
With
100%
with
100%
accounts
86%
alive
86%
almost
86%
always
86%
any
86%
at
86%
bear
86%
been
86%
before
86%
car
86%
care
86%
confirm
86%
curious
86%
door
86%
drowned
86%
end
86%
Ended
86%
everyone
86%
except
86%
eyes
86%
father
86%
flashed
86%
Flashed
86%
fuckin
86%
fucking
86%
get
86%
good
86%
helpless
86%
hunter
86%
is
86%
it's
86%
kiss
86%
know
86%
leaving
86%
liked
86%
lives
86%
made
86%
making
86%
many
86%
meeting
86%
must
86%
"Oh,
86%
out
86%
own
86%
quite
86%
race
86%
runs
86%
She's
86%
she's
86%
six
86%
slam
86%
Started
86%
stop
86%
Taming
86%
tastes
86%
they
86%
this"
86%
this
86%
to
86%
trophy
86%
up
86%
water
86%
we
86%
whore
86%
you
86%
You
86%
aces
71%
as
71%
back
71%
call
71%
came
71%
charming
71%
drive
71%
ends
71%
evening
71%
Excellent
71%
face
71%
faces
71%
fate
71%
first
71%
First
71%
for
71%
fun
71%
he'll
71%
hers
71%
Just
71%
just
71%
none
71%
pulling
71%
roses,
71%
speeding
71%
sure
71%
That
71%
that
71%
There's
71%
til
71%
town
71%
under
71%
wanted
71%
are
57%
bad
57%
Behind
57%
best
57%
bewitching
57%
breathing
57%
cad
57%
changing
57%
charmingly
57%
drawing
57%
escape
57%
escaping
57%
freedom
57%
frigid
57%
got
57%
Hearts
57%
knows
57%
Lake
57%
laughed
57%
laughing
57%
mates
57%
off
57%
one
57%
places
57%
reviled
57%
rowboats
57%
Saturday!
57%
selfish
57%
stories
57%
That's
57%
they're
57%
tiny
57%
waiting
57%
wouldn't
57%
blush,
43%
breaking
43%
Central
43%
chariot
43%
down
43%
feels
43%
floorboards
43%
jump
43%
leaks
43%
littlest
43%
Park
43%
portrait
43%
poses
43%
races
43%
sees
43%
sore
43%
Splendidly
43%
Watching
43%
wish
29%
realized
14%
No matching quizzes found
Score Distribution
Percent of People with Each Score
Percentile by Number Answered
Your Score History
You have not taken this quiz